| 000 | 01112nam a2200301 a 4500 | ||
|---|---|---|---|
| 001 | 000015281 | ||
| 003 | DO-SdBNP | ||
| 005 | 20250626140657.0 | ||
| 008 | 100204s2009 dr a 000 0 spa d | ||
| 020 | _a9993483419 | ||
| 040 |
_aDO-SdBNP _bspa _cDO-SdBNP |
||
| 082 | 4 |
_a923.17293 _bC343b,2009 _222 |
|
| 100 | 1 |
_aCassá, Roberto, _d1948- _910888 |
|
| 245 | 1 | 0 |
_aBuenaventura Báez : _bcinco veces presidente / _cRoberto Cassá ; ilustraciones Ramiro Manzano. |
| 260 |
_aSanto Domingo : _bTobogán, _c2009 _fAlfa y Omega |
||
| 300 |
_a80 p. : _bil. ; _c21 cm. |
||
| 490 | 1 | _aBiografías dominicanas, Tobogán | |
| 504 | _aBibliografías p: 65 | ||
| 590 | _aInventariado, 2018/ YL | ||
| 600 | 1 | 0 |
_aBáez, Buenaventura, _d1812 -1944 _977576 |
| 650 | 4 |
_aPresidentes _zRepública Dominicana _vBiografías _91288 |
|
| 651 | 4 |
_aRepública Dominicana _xPolítica y gobierno _y1844-1930 _96961 |
|
| 651 | 0 |
_aRepública Dominicana _xHistoria _yAnexión a España,1861-1863 _932930 |
|
| 700 | 1 |
_aManzano, Ramiro _eil. _9768 |
|
| 830 | 0 |
_aBiografías dominicanas, Tobogán _9769 |
|
| 942 |
_2ddc _cLF1 |
||
| 956 | _aVMateo | ||
| 999 |
_c48837 _d48837 |
||